Nepříznivý výhled na rok 2012

Rok 2012 v znamení pomalého globálneho rastu s veľkými rozdielmi medzi regiónmi. Výhľad pre českú ekonomiku v porovnaní s ostatnými štátmi v regióne. Čína na ceste k prvenstvu. Medziročný rast HDP vybraných štátov (2011-2016). Eurozóna v recesii. Kríza vládneho dlhu a bankového sektora nekončí. Výhľ...

Descrizione completa

Salvato in:
Dettagli Bibliografici
Autore principale: Šindel, Jaromír
Natura: Capitolo di libro
Lingua:ceco
Soggetti:
Tags: Aggiungi Tag
Nessun Tag, puoi essere il primo ad aggiungerne!!

MARC

LEADER 00000naa a2200000 4500
001 0148744
005 20231211073321.1
041 0 |a cze 
044 |a CZ 
245 1 0 |a Nepříznivý výhled na rok 2012  |c Jaromír Šindel 
520 |a Rok 2012 v znamení pomalého globálneho rastu s veľkými rozdielmi medzi regiónmi. Výhľad pre českú ekonomiku v porovnaní s ostatnými štátmi v regióne. Čína na ceste k prvenstvu. Medziročný rast HDP vybraných štátov (2011-2016). Eurozóna v recesii. Kríza vládneho dlhu a bankového sektora nekončí. Výhľad na uvoľnenú menovú politiku. 
610 2 0 |a situácia hospodárska 
610 2 0 |a rast hospodársky 
610 2 0 |a produkt domáci hrubý 
610 2 0 |a recesia 
610 2 0 |a dlhy štátne 
610 2 0 |a globalizácia 
610 2 0 |a regióny 
610 2 0 |a svet 
610 2 0 |a eurozóna 
100 1 |a Šindel, Jaromír